Trading for a living : psychology, trading tactics, money management

Na minha lista:
Detalhes bibliográficos
Autor principal: Elder, Alexander, Dr
Formato: Livro
Publicado em: John Wiley and Sons 1993
Tags: Adicionar Tag
Sem tags, seja o primeiro a adicionar uma tag!
Thư viện lưu trữ: Mạng thư viện Đại học Đà Nẵng
LEADER 00571nam a2200217 a 4500
001 000029437
003 8751
005 20171030145630.0
008 171030s1993
040 |a LTT 
082 0 |a 332.64  |b EL-A 
100 1 |a Elder, Alexander, Dr 
245 0 0 |a Trading for a living : psychology, trading tactics, money management  |c Alexander Elder. 
260 |b John Wiley and Sons  |c 1993 
OWN |a LTT 
999 |a From the UDN01 
TYP |a Monograph 
TYP |a Printed language 
980 |a Mạng thư viện Đại học Đà Nẵng